Techniques for the direct observation of structure and imperfections : Part 2 /

Na minha lista:
Detalhes bibliográficos
Outros Autores: Bunshah, Rointan F. et al (Editor)
Formato: Livro
Idioma:inglês
Tags: Adicionar Tag
Sem tags, seja o primeiro a adicionar uma tag!

MARC

LEADER 00000nam a22000003a 4500
001 stu204715
005 20150617230052.9
008 100601s----------------------------eng-d
040 |a STU  |b slo 
041 0 |a eng 
080 |a 539.12/.17 
100 1 |a Bunshah, Rointan F. et al  |4 edt 
245 1 |a Techniques for the direct observation of structure and imperfections :  |b Part 2 /  |c Ed.: Bunshah, R.F. 
300 |a 17, s. 501-952, 50 s 
996 |b E24864  |c E*24864  |l EE11  |s P  |a 0  |w stu204715_0001